Statystyki dla Quiz z wiedzy ogólnej cz 1 dla Kolegi Ignacego

Kliknij tutaj aby rozwiązać quiz!

Ogólne statystyki

  • Ten quiz został rozwiązany 149 razy
  • Średni wynik to 27 z 50

Statystyki odpowiedzi

ZagadnienieOdpowiedź% Poprawnych
Która z następujących roślin nie ma w swym jadłospisie owadów?Szczaw
91%
Kto wynalazł olej napędowy?Diesel
88%
Ile osób liczy rodzina Boskich z Rodzinka.pl?5
87%
Kto wynalazł żarówkę?Thomas Edison
86%
Pablo Escobar był znany jako:Król kokainy
85%
Jaki metal jest płynny w normalnej temperaturze?Rtęć
85%
Który z następujących krajów leży na dwóch kontynentach?Turcja
85%
Hiszpanię i Maroko dzieli cieśnina. Jaka?Cieśnina Gibraltar
83%
Co niszczy wiele posągów?Kwaśne deszcze
79%
Chińczycy odkryli czynnik wybuchowy stosowany w fajerwerkach w:Prochu strzelniczym
78%
Kraj, który produkuje najwięcej ropy naftowej to:Arabia Saudyjska
72%
Który kraj nie jest częścią Skandynawii?Islandia
71%
Enduro jest dyscypliną sportu:Motocyklowego
70%
Który z następujących naturalnych barwników jest czerwony?Karmin
68%
W którym roku zaczęła się wojna Peloponeska?W 431 roku p.n.e
68%
Który z następujących krajów nie graniczy z Chinami?Japonia
67%
Pchła potrafi skakać:220 razy wyżej niż jej wzrost
66%
Czasem grzyby rosną w kształcie pięknego kręgu. Jak się nazywa ten krąg?Czarci krąg
66%
Wyróżniamy dwa typy siateczki wewnątrzplazmatycznej. Jakie?Gładka i szorstka
64%
Jak się nazywa dwukadłubowy statek, który pływa po wodzie?Katamaran
64%
Co jest najcięższe?1 kwintal
62%
Ile ksiąg jest w ,,Panu Tadeuszu"?12
59%
Gdy rekin straci zęby:Zastępowane są za każdym razem
59%
Ile żon miał Henryk VIII?6
58%
Pierwsza maszyna do pisania powstała w:XVIII wieku
57%
Gdzie zmarł Mikołaj Kopernik?We Fromborku
56%
Kto napisał książkę pt. ,,Co to znaczy..."?Grzegorz Kasdepke
55%
Pierwszy nowoczesny model atomu zaproponował w 1912 roku:Niels Bohr
50%
Na południu Grecji znajduje się półwysep:Peloponez
50%
Lasery o największej mocy to lasery:Impulsowe
48%
Ile ksiąg ma Nowy Testament?27
47%
Ile ksiąg ma Stary Testament?46
46%
Kto odzywa się pierwszy w ,,Zemście" Aleksandra Fredry?Cześnik
46%
Samiec którego gatunku ptaków ma złoty dziób?Kos
46%
Jaką dawniejszą nazwę miały termy obecnego miasta Hollywood?Napalera
46%
Które z tych państw rozpadło się najdawniejWielka Kolumbia
44%
Który z tych władców zasiadał na tronie najdłużej?Ludwik XIV
35%
Co to jest Klangor?Krzyk żurawi
34%
W jakim miesiącu zastrzelono prezydenta RP Gabriela NarutowiczaW grudniu
34%
Ilu było historyków Cesarstwa Rzymskiego?10
33%
W którym kraju narodziła się opera?We Włoszech
32%
Epistoła to:Długi list
30%
Rekoronacja Cudownego Obrazu przez biskupa Stanisława Zdzitowieckiego odbyła się:22 maja 1910 roku
29%
Kto jako pierwszy mógłby pływać okrętem podwodnym?Napoleon Bonaparte
27%
Który niemiecki samochód nazwano na cześć pierwszego sputnika?Traband
27%
Starożytny matematyk i fizyk, autor słynnych ,,Elementów" to:Euklides
26%
Jakie komórki u człowieka nie posiadaj jąder?Prokariotyczne
21%
Która rodzina liczy najwięcej osób?Rodzina Boskich z Rodzinka.pl
16%
Kiedy ukoronowano Cudowny Obraz?8 września 1717 roku
15%
Skąd pochodzi owoc kiwi?Z Chin
6%

Rozkład punktacji

Percentyl według liczby udzielonych odpowiedzi

Procent ludzi z każdym wynikiem

Twoja historia wyników

Nie rozwiązałeś tego quizu